Wszyscy Władcy Niemiec i Austrii - Statystyki

Ogólne statystyki
  • Ten quiz został rozwiązany 102 razy
  • Średni wynik to 33 z 66
Statystyki odpowiedzi
Państwo Lata Panowania Odpowiedź % Poprawnych
Cesarstwo Austriackie 1916-1918 Karol I
78%
Święte Cesarstwo Rzymskie 973-983 Otton II
77%
Święte Cesarstwo Rzymskie 983-1002 Otton III
77%
Królestwo Franków Wschodnich 919-936 Henryk I
76%
Imperium Franków 768-814 Karol Wielki
76%
Królestwo Prus 1701-1713 Fryderyk I
74%
Królestwo Prus / Cesarstwo Niemieckie 1861-1888 Wilhelm I
74%
Święte Cesarstwo Rzymskie 1215-1250 Fryderyk II
73%
Święte Cesarstwo Rzymskie 1039-1056 Henryk III
73%
Cesarstwo Niemieckie 1888-1918 Wilhelm II
73%
Święte Cesarstwo Rzymskie 1056-1105 Henryk IV
69%
Święte Cesarstwo Rzymskie 1440-1493 Fryderyk III
68%
Cesarstwo Niemieckie 1888 Fryderyk III
68%
Święte Cesarstwo Rzymskie 1105-1125 Henryk V
65%
Święte Cesarstwo Rzymskie 1745-1765 Franciszek I
64%
Cesarstwo Austriackie 1806-1835 Franciszek I
64%
Cesarstwo Austriackie 1848-1916 Franciszek Józef
64%
Imperium Franków 751-768 Pepin Krótki
64%
Święte Cesarstwo Rzymskie 1792-1806 Franciszek II
62%
Święte Cesarstwo Rzymskie 1190-1197 Henryk VI
59%
Królestwo Prus 1713-1740 Fryderyk Wilhelm I
58%
Królestwo Prus 1786-1797 Fryderyk Wilhelm II
58%
Królestwo Prus 1797-1840 Fryderyk Wilhelm III
57%
Królestwo Prus 1840-1861 Fryderyk Wilhelm IV
55%
Święte Cesarstwo Rzymskie 1308-1313 Henryk VII
55%
Święte Cesarstwo Rzymskie 1519-1556 Karol V
55%
Święte Cesarstwo Rzymskie 1347-1378 Karol IV
53%
Święte Cesarstwo Rzymskie 1705-1711 Józef I
51%
Królestwo Franków Wschodnich 900-911 Ludwik III
51%
Święte Cesarstwo Rzymskie 1556-1564 Ferdynand I
50%
Cesarstwo Austriackie 1835-1848 Ferdynand I
50%
Święte Cesarstwo Rzymskie 1765-1790 Józef II
50%
Święte Cesarstwo Rzymskie 1410-1437 Zygmunt
50%
Święte Cesarstwo Rzymskie 1711-1740 Karol VI
49%
Święte Cesarstwo Rzymskie 1208-1215 Otton IV
49%
Święte Cesarstwo Rzymskie 936-973 Otton I Wielki
49%
Święte Cesarstwo Rzymskie 1314-1347 Ludwik IV
47%
Święte Cesarstwo Rzymskie 1619-1637 Ferdynand II
45%
Święte Cesarstwo Rzymskie 1742-1745 Karol VII
45%
Królestwo Prus 1740-1786 Fryderyk II Wielki
43%
Imperium Franków 814-840 Ludwik I Pobożny
43%
Święte Cesarstwo Rzymskie 1493-1519 Maksymilian I
43%
Święte Cesarstwo Rzymskie 1273-1291 Rudolf
43%
Święte Cesarstwo Rzymskie 1637-1657 Ferdynand III
41%
Królestwo Franków Wschodnich 911-918 Konrad I
41%
Święte Cesarstwo Rzymskie 1024-1039 Konrad II
41%
Królestwo Franków Wschodnich 843-876 Ludwik II Niemiecki
41%
Święte Cesarstwo Rzymskie 1138-1152 Konrad III
39%
Święte Cesarstwo Rzymskie 1564-1576 Maksymilian II
39%
Święte Cesarstwo Rzymskie 1576-1612 Rudolf II
38%
Święte Cesarstwo Rzymskie 1657-1705 Leopold I
36%
Święte Cesarstwo Rzymskie 1790-1792 Leopold II
36%
Imperium Franków 768-771 Karloman I
35%
Święte Cesarstwo Rzymskie 1152-1190 Fryderyk I Barbarossa
34%
Święte Cesarstwo Rzymskie 1250-1254 Konrad IV
34%
Święte Cesarstwo Rzymskie 1125-1137 Lotar III
34%
Święte Cesarstwo Rzymskie 1378-1400 Wacław
34%
Święte Cesarstwo Rzymskie 1002-1024 Henryk II Święty
32%
Święte Cesarstwo Rzymskie 1612-1619 Maciej
32%
Święte Cesarstwo Rzymskie 1298-1308 Albert I
31%
Święte Cesarstwo Rzymskie 1292-1298 Adolf
30%
Święte Cesarstwo Rzymskie 1438-1440 Albert II
30%
Święte Cesarstwo Rzymskie 1198-1208 Filip
27%
Królestwo Franków Wschodnich 881-887 Karol Otyły
23%
Królestwo Franków Wschodnich 887-899 Arnulf
20%
Święte Cesarstwo Rzymskie 1400-1410 Rupert
15%
Nie znaleziono quizów pasujących do podanych kryteriów
Rozkład punktacji
Procent ludzi z każdym wynikiem
Percentyl według liczby udzielonych odpowiedzi
Twoja historia wyników
Nie rozwiązałeś tego quizu